Statistics for World's Most Visited Museums

Click here to take the quiz!

General Stats

  • This quiz has been taken 1,282 times
    (1,280 since last reset)
  • The average score is 7 of 20

Answer Stats

VisitorsCityMuseum% Correct
8.5 millionParisMusee du Louvre
97%
5.8 millionLondonBritish Museum
62%
3.1 millionNew York CityMuseum of Modern Art
58%
5 millionLondonTate Modern
58%
5.2 millionNew York CityMetropolitan Museum of Art
57%
6.8 millionWashington D.CSmithsonian Museum of Natural History
50%
2.7 millionMadridMuseo Nacional del Prado
46%
4.9 millionLondonNational Gallery
43%
2.9 millionParisMusee d'orsay
39%
4.6 millionRomeVatican Museums
35%
2.6 millionLondonVictoria and Albert Museum
31%
8.3 millionWashington D.CSmithsonian Air and Space Museum
27%
3.1 millionParisCentre Pompidou
21%
4.2 millionWashington D.CSmithsonian Museum of American History
17%
2.7 millionLondonScience Museum
12%
4.6 millionLondonNatural History Museum
10%
5 millionNew York CityAmerican Museum of Natural History
9%
4.8 millionWashington D.CNational Gallery of Art
8%
3 millionSeoulNational Museum of Korea
3%
2.8 millionParisCite des Sciences et de l'Industrie
1%

Score Distribution

Percentile by Number Answered

Percent of People with Each Score

Your Score History

You have not taken this quiz since the last reset